LEADER 01358nam0 2200313 i 450 001 SUN0005840 005 20120412095820.84 010 $a88-14-07374-0 020 $aIT$b99 4890 100 $a20020813d1998 |0itac50 ba 101 $aita 102 $aIT 105 $a|||| ||||| 200 1 $aImmigrazione musulmana e cultura giuridica$eosservazioni empiriche su due comunità di egiziani$fLetizia Mancini 205 $aMilano : Giuffrè$b1998 210 $aXIII$d169 p. ; 24 cm 215 $aIn appendice: Griglia di domande poste nel corso dell'intervista, dello stesso A. 410 1$1001SUN0003729$12001 $aSeminario giuridico della Università di Bologna$v187$1210 $aMilano$cGiuffrè$a[poi]$cBologna$cBononia university. 606 $aDiritto musulmano$xAspetti socioculturali$2FI$3SUNC003570 606 $aImmigrati egiziani$xCultura giuridica$xItalia$2FI$3SUNC003571 620 $dMilano$3SUNL000284 676 $a306.23$v21 700 1$aMancini$b, Letizia$3SUNV005164$0258636 712 $aGiuffrè$3SUNV001757$4650 801 $aIT$bSOL$c20181231$gRICA 912 $aSUN0005840 950 $aUFFICIO DI BIBLIOTECA DEL DIPARTIMENTO DI GIURISPRUDENZA$d00CONS VIII.En.143 $e00 15838 20020813 996 $aImmigrazione musulmana e cultura giuridica$9698207 997 $aUNICAMPANIA LEADER 01295nam0-22004091i-450- 001 990005549670203316 005 20090820120000.0 035 $a000554967 035 $aUSA01000554967 035 $a(ALEPH)000554967USA01 035 $a000554967 100 $a20080327d2008-------|0enac50------ba 101 $aeng 102 $aGB 105 $a|||| ||||| 200 1 $aHow the City Really Works$ethe Definitive Guide to money and investing in London's Square Mile$fAlexander Davidson 205 $a2nd 210 $aLondon$aPhiladelphia$cKogan Page$d2008 215 $aXLIII, 308 p.$d23 cm 606 $aIstituzioni finanziarie$xLondra$2FI 620 $dLondon 620 $dPhiladelphia 676 $a332.109421$cBanche e servizi bancari. Londra$v21 700 1$aDAVIDSON,$bAlexander$0475963 712 $akogan Page 801 $aIT$bSOL$c20120104 912 $a990005549670203316 950 $aDIP.TO SCIENZE ECONOMICHE - (SA)$dDS 300 332.109421 DAV$e14339 DISES 951 $aDIP.TO SCIENZE ECONOMICHE - (SA)$bDS2008 1F 20080327 951 $a300 332.109421 DAV$b14339 DISES 959 $aBK 969 $aDISES 979 $c20121027$lUSA01$h1533 979 $c20121027$lUSA01$h1613 996 $aHow the city really works$9242781 997 $aUNISA NUM $aUSA17630